[Event "Tourn. n9843"]
[Site "www.echecsemail.com"]
[Date "2018.07.16"]
[Round "1"]
[White "Seger"]
[Black "Jose"]
[WhiteElo "2830"]
[BlackElo "2800"]
[Result "1/2-1/2"]
[Round "1"]
1.d4 Ng8f6
2.c4 g6
3.Nb1c3 Bf8g7
4.e4 d6
5.Ng1f3 O-O
6.Bf1e2 e5
7.d5 a5
8.Bc1e3 Nf6g4
9.Be3g5 f6
10.Bg5h4 Nb8a6
11.O-O Bc8d7
12.Nf3e1 Qd8c8
13.h3 Ng4h6
14.f3 f5
15.Ne1d3 b6
16.Bh4e7 Rf8e8
17.Be7h4 Na6c5
18.Nd3xc5 bxc5
19.b3 f4
20.Nc3b5 Bg7f8
21.Qd1d2 Nh6f7
22.a3 h5
23.Bh4f2 g5
24.b4 g4
25.fxg4 hxg4
26.bxc5 dxc5
27.Qd2d1 gxh3
28.Be2h5 hxg2
29.Kxg2 Nf7g5
30.Bf2h4 Bd7h3
31.Kh2 Bh3xf1
{ draw }
1/2-1/2

[Event "Finale"]
[Site "www.chess-mail.com"]
[Date "2018.07.16"]
[Round "1"]
[White "Vgrynyuk"]
[Black "Maxiboi"]
[WhiteElo "2810"]
[BlackElo "2900"]
[Result "1/2-1/2"]
[Round "1"]
1.e4 c5
2.Ng1f3 d6
3.d4 cxd4
4.Nf3xd4 Ng8f6
5.Nb1c3 a6
6.Bc1e3 e6
7.f3 h5
8.Qd1d2 Bf8e7
9.Bf1e2 Qd8c7
10.O-O O-O
11.Be3g5 Nb8d7
12.a4 b6
13.f4 Bc8b7
14.Be2f3 Rf8e8
15.Kh1 d5
16.exd5 exd5
17.Qd2f2 Be7c5
18.Ra1d1 Nf6g4
19.Bf3xg4 hxg4
20.Qf2g3 Qc7d6
21.Qg3xg4 Nd7f6
22.Qg4h4 Nf6e4
23.f5 Ne4xc3
24.bxc3 Re8e4
25.Qh4h5 Ra8e8
26.Nd4e6 Re8xe6
27.fxe6 Qd6xe6
28.Bg5h4 a5
29.Rf1e1 Bb7c6
30.Re1xe4 Qe6xe4
31.Rd1f1 f6
32.Rf1e1 Qe4xc2
33.Qh5g4 Qc2xa4
34.Qg4e6 Kh7
35.Qe6f5 Kg8
36.Qf5e6 { draw }
1/2-1/2

[Event "1/16 Finale"]
[Site "www.chess-mail.com"]
[Date "2018.07.16"]
[Round "1"]
[White "Llord"]
[Black "Chessington"]
[WhiteElo "1950"]
[BlackElo "2840"]
[Result "0-1"]
[Round "1"]
1.e4 e6
2.d4 d5
3.e5 c5
4.Bf1b5 Nb8c6
5.Bc1e3 cxd4
6.Be3xd4 a6
7.Bb5a4 b5
8.Ba4b3 Nc6xd4
9.Qd1xd4 Qd8c7
10.c3 Bf8c5
11.Qd4f4 Ng8e7
12.Ng1f3 f6
13.O-O Ne7g6
14.Qf4d2 fxe5
15.Rf1e1 O-O
16.Qd2g5 e4
17.Nf3d4 Ng6f4
18.g3 Nf4h3
{ resign }
0-1

[Event "1/128 Finale"]
[Site "www.chess-mail.com"]
[Date "2018.07.16"]
[Round "1"]
[White "Reda"]
[Black "Joskomol"]
[WhiteElo "1790"]
[BlackElo "2020"]
[Result "0-1"]
[Round "1"]
1.d4 d5
2.Bc1f4 Nb8c6
3.Nb1c3 e5
4.dxe5 d4
5.Nc3b5 a6
6.Nb5a3 f6
7.exf6 Ng8xf6
8.e3 Qd8e7
9.Ng1f3 Qe7b4
10.Nf3d2 Bc8g4
11.Qd1c1 Nf6d5
12.f3 dxe3
13.c3 Qb4xf4
14.Nd2b3 Bg4xf3
15.gxf3 Qf4xf3
16.Rh1g1 Qf3f2
17.Kd1 Ra8d8
18.Rg1g3 Nd5xc3
{ resign }
0-1

[Event "Fast Game"]
[Site "www.echecsemail.com"]
[Date "2018.07.16"]
[Round "1"]
[White "J1j6"]
[Black "Shapur"]
[WhiteElo "1349"]
[BlackElo "1599"]
[Result "1-0"]
[Round "1"]
1.Ng1f3 d5
2.c4 e6
3.cxd5 exd5
4.d4 Ng8f6
5.e3 Bf8e7
6.Nb1c3 O-O
7.Qd1c2 Nb8d7
8.Bf1d3 Rf8e8
9.O-O c6
10.e4 dxe4
11.Nc3xe4  { time }
1-0

[Event "Tourn. n9730"]
[Site "www.chess-mail.com"]
[Date "2018.07.17"]
[Round "1"]
[White "Numanoid"]
[Black "Krystek23"]
[WhiteElo "2360"]
[BlackElo "2470"]
[Result "1-0"]
[Round "1"]
1.d4 Ng8f6
2.Bc1g5 e6
3.e4 Bf8e7
4.Nb1d2 d6
5.Ng1f3 Nb8d7
6.Bf1d3 h6
7.Bg5h4 b6
8.O-O Bc8b7
9.Rf1e1 O-O
10.c3 g5
11.Bh4g3 g4
12.Nf3h4 h5
13.Bd3b1 Nf6h7
14.e5 dxe5
15.dxe5 Rf8e8
16.Nh4g6 fxg6
17.Bb1xg6 Nd7c5
18.Bg6xh5 Qd8d5
19.Qd1xg4 Kh8
20.Nd2f3 Re8g8
21.Bh5g6 Rg8g7
22.Qg4h5 Ra8g8
23.Bg6c2 Nc5d3
24.Re1e3 Nd3xb2
25.Bc2e4 Qd5xe4
26.Re3xe4 Bb7xe4
27.Nf3d4 Be4d5
28.Ra1b1 Nb2c4
29.Rb1d1 c6
30.Nd4e2 Be7g5
31.Rd1d4 Bg5d2
32.h3 b5
33.Rd4g4 Rg7g5
34.Rg4xg5 Rg8xg5
35.Qh5e8 Rg5g8
36.Qe8h5 c5
37.Kh2 Rg8g5
38.Qh5e8 Rg5g8
39.Qe8xb5 a5
40.Qb5xc5 Bd2h6
41.Ne2d4 Bh6f8
42.Qc5b5 Nh7g5
43.Nd4e2 Nc4d2
44.Ne2f4 Bd5c4
45.Qb5xa5 Ng5e4
46.Qa5d8 Bf8h6
47.Qd8h4 Kh7
48.Nf4h5 Ne4g5
49.Nh5f6 Kg7
50.Kh1 Rg8b8
51.f3 Rb8b1
52.Bg3e1 Kf7
53.Qh4f2 Bc4b5
54.Nf6g4 Nd2xf3
55.Ng4xh6 Kg7
56.gxf3 Kxh6
57.Kg2 { resign }
1-0

[Event "Match"]
[Site "www.echecsemail.com"]
[Date "2018.07.17"]
[Round "1"]
[White "Stevep84"]
[Black "Ericleo1980"]
[WhiteElo "2290"]
[BlackElo "2160"]
[Result "1-0"]
[Round "1"]
1.e4 c5
2.Ng1f3 d6
3.d4 cxd4
4.Nf3xd4 Ng8f6
5.Nb1c3 a6
6.Bc1e3 e6
7.f3 b5
8.g4 Nf6d7
9.Qd1d2 Nd7b6
10.Nd4b3 Nb8d7
11.Bf1d3 Bf8e7
12.O-O-O b4
13.Nc3e2 d5
14.Ne2g3 Bc8b7
{ time. }
1-0

[Event "Match"]
[Site "www.echecsemail.com"]
[Date "2018.07.17"]
[Round "1"]
[White "Alekpax"]
[Black "Ericleo1980"]
[WhiteElo "1499"]
[BlackElo "2160"]
[Result "1-0"]
[Round "1"]
1.e4 c5
2.Ng1e2 d6
3.Nb1c3 Ng8f6
4.d4 cxd4
5.Ne2xd4 a6
6.Bc1e3 e6
7.Qd1d2 b5
8.f3 Nb8d7
9.a3 Bc8b7
10.g4 Nd7b6
11.O-O-O Nf6d7
12.h4 d5
13.exd5 Nb6xd5
14.Nc3xd5 Bb7xd5
15.Bf1g2 Nd7b6
16.Nd4f5 Nb6c4
17.Qd2e2 Qd8a5
{ time. }
1-0

[Event "Match"]
[Site "www.echecsemail.com"]
[Date "2018.07.17"]
[Round "1"]
[White "Chapi"]
[Black "J1j6"]
[WhiteElo "2150"]
[BlackElo "1930"]
[Result "1-0"]
[Round "1"]
1.d4 d5
2.c4 Ng8f6
3.Nb1c3 dxc4
4.e3 Bc8f5
5.Bf1xc4 e6
6.Ng1f3 Nb8d7
7.O-O Bf8d6
8.Rf1e1 c6
9.e4 Bf5g4
10.e5 Bd6c7
11.exf6 Nd7xf6
12.Qd1d3 Qd8d6
13.Nf3e5 Ra8d8
14.Bc1e3 Qd6b4
15.Be3g5 Bc7xe5
16.Re1xe5 Qb4xb2
17.Ra1e1 Qb2b4
18.h3 Bg4h5
19.Bg5xf6 Bh5g6
20.Qd3f3 Rd8xd4
21.Re5xe6 fxe6
22.Re1xe6 Kd7
23.Re6e7 Kd6
24.Re7e6 Kc5
25.Bf6e7 { resign }
1-0

[Event "Tourn. n9819"]
[Site "www.echecsemail.com"]
[Date "2018.07.17"]
[Round "1"]
[White "Claudia"]
[Black "Falcoale"]
[WhiteElo "1960"]
[BlackElo "1980"]
[Result "1-0"]
[Round "1"]
1.e4 c5
2.Ng1f3 Nb8c6
3.d4 cxd4
4.Nf3xd4 Nc6xd4
5.Qd1xd4 b6
6.Qd4d5 Ra8b8
7.Bc1f4 Bc8b7
8.Qd5d4 Rb8c8
9.Nb1c3 e6
10.O-O-O Ng8f6
11.f3 Bf8c5
12.Qd4a4 a6
13.Kb1 b5
14.Qa4b3 O-O
15.g4 Qd8e7
16.h4 Bb7c6
17.h5 d6
18.g5 Nf6d7
19.g6 hxg6
20.hxg6 fxg6
21.Bf4c1 Rc8b8
22.Bf1h3 Rb8e8
23.Nc3e2 Nd7e5
24.Ne2f4 a5
25.Bh3xe6 Rf8f7
26.Be6xf7 Ne5xf7
27.Rh1h8 Kxh8
28.Nf4xg6 Kg8
29.Rd1h1 Qe7f6
30.Rh1h8 { resign }
1-0

[Event "Tourn. n9872"]
[Site "www.echecsemail.com"]
[Date "2018.07.17"]
[Round "1"]
[White "J1j6"]
[Black "Tartan"]
[WhiteElo "2249"]
[BlackElo "2560"]
[Result "0-1"]
[Round "1"]
1.e4 c5
2.Ng1f3 Nb8c6
3.d4 cxd4
4.Nf3xd4 g6
5.Nd4xc6 bxc6
6.c4 Bf8g7
7.Nb1c3 d6
8.Bc1e3 c5
9.Qd1d5 Ra8b8
10.Ra1b1 Bg7xc3
{ resign }
0-1

[Event "Match"]
[Site "www.echecsemail.com"]
[Date "2018.07.17"]
[Round "1"]
[White "Alessiov"]
[Black "Ericleo1980"]
[WhiteElo "1569"]
[BlackElo "2160"]
[Result "1-0"]
[Round "1"]
1.e4 c5
2.Nb1c3 d6
3.Ng1e2 Bc8g4
4.f3 Bg4c8
5.d4 cxd4
6.Ne2xd4 a6
7.a4 e6
8.a5 Qd8c7
9.Bc1e3 Ng8f6
10.Qd1d2 Bf8e7
11.Nc3a4 Nb8d7
12.c4 Nd7e5
13.Na4b6 Ra8b8
14.b4 Ne5d7
15.Bf1e2 O-O
16.O-O Nd7xb6
{ time. }
1-0

[Event "Tourn. n9851"]
[Site "www.echecsemail.com"]
[Date "2018.07.17"]
[Round "1"]
[White "Passaroa25"]
[Black "Alessiov"]
[WhiteElo "1660"]
[BlackElo "1580"]
[Result "0-1"]
[Round "1"]
1.Nb1c3 d5
2.d4 Ng8f6
3.f3 c5
4.dxc5 e6
5.b4 a5
6.a3 axb4
7.Nc3b5 Nb8c6
8.Bc1e3 bxa3
9.Nb5xa3 Bf8xc5
10.Be3xc5 Qd8a5
11.Qd1d2 Qa5xc5
12.e3 Ra8xa3
13.Ra1xa3 Qc5xa3
14.c3 O-O
15.Ng1e2 Bc8d7
16.Ne2c1 Rf8c8
17.Nc1a2 Nc6a5
18.Na2c1 Rc8xc3
19.Nc1a2 Rc3b3
20.Kf2 Rb3b2
{ resign }
0-1

[Event "Match"]
[Site "www.echecsemail.com"]
[Date "2018.07.17"]
[Round "1"]
[White "Fangshuo"]
[Black "Ericleo1980"]
[WhiteElo "2130"]
[BlackElo "2140"]
[Result "1-0"]
[Round "1"]
1.e4 c5
2.Ng1f3 d6
3.Nb1c3 Ng8f6
4.d4 cxd4
5.Nf3xd4 a6
6.b3 Qd8a5
7.Bc1d2 Qa5e5
8.Nd4f3 Qe5c5
9.Bf1d3 Bc8g4
10.O-O e6
11.Nc3a4 Qc5c7
{ time. }
1-0

[Event "Match"]
[Site "www.echecsemail.com"]
[Date "2018.07.17"]
[Round "1"]
[White "Lcbunghai"]
[Black "Joseph1983"]
[WhiteElo "2140"]
[BlackElo "2290"]
[Result "1/2-1/2"]
[Round "1"]
1.e4 d6
2.d4 Ng8f6
3.Nb1c3 g6
4.Bf1e2 Bf8g7
5.Ng1f3 O-O
6.O-O c5
7.dxc5 dxc5
8.Bc1e3 b6
9.Qd1c1 Bc8b7
10.Nf3d2 Nb8c6
11.Nd2b3 a6
12.Rf1d1 Qd8c7
13.Nc3d5 Nf6xd5
14.exd5 Nc6e5
15.Be3f4 c4
16.Nb3d4 Qc7c5
17.Bf4xe5 Bg7xe5
18.Nd4f3 Be5g7
19.c3 Rf8d8
20.Qc1f4 b5
21.Nf3g5 Bg7f6
22.Ng5e4 Qc5b6
23.Ne4xf6 Qb6xf6
24.Qf4xf6 exf6
{ draw }
1/2-1/2

[Event "Match"]
[Site "www.echecsemail.com"]
[Date "2018.07.17"]
[Round "1"]
[White "Cal"]
[Black "Tonino1"]
[WhiteElo "1740"]
[BlackElo "2210"]
[Result "0-1"]
[Round "1"]
1.d4 d6
2.h3 Ng8f6
3.Nb1c3 c6
4.Ng1f3 Qd8c7
5.e4 e5
6.dxe5 dxe5
7.Bc1g5 Bf8e7
8.Bf1d3 O-O
9.O-O Bc8e6
10.a3 Rf8d8
11.b4 Nb8d7
12.Bg5xf6 Be7xf6
13.Nc3e2 Nd7b6
14.Ne2c1 Nb6c4
15.Qd1e2 Nc4b2
16.c4 Nb2xd3
17.Nc1xd3 Be6xc4
18.Ra1d1 Qc7d6
19.Nd3c5 Qd6xc5
20.Rd1xd8 Ra8xd8
21.Qe2c2 Qc5b5
22.Rf1e1 Bc4d3
23.Qc2d2 Bd3xe4
24.Qd2e3 Be4xf3
25.Qe3xf3 Qb5d3
26.Re1e3 Qd3d1
27.Qf3xd1 Rd8xd1
28.Kh2 Rd1d4
29.f4 Rd4xf4
30.Kg3 g5
31.a4 h5
32.Kh2 Rf4xb4
33.a5 e4
34.g4 Bf6d4
35.Re3a3 h4
36.Kg2 Rb4b2
37.Kf1 Rb2f2
38.Ke1 Rf2f3
39.Ra3xf3 exf3
40.Kf1 b5
41.Ke1 b4
{ resign }
0-1

[Event "Tourn. n9879"]
[Site "www.echecsemail.com"]
[Date "2018.07.17"]
[Round "1"]
[White "J1j6"]
[Black "Bojan"]
[WhiteElo "2120"]
[BlackElo "2050"]
[Result "0-1"]
[Round "1"]
1.e4 e5
2.Ng1f3 Ng8f6
3.Nf3xe5 d6
4.Ne5f3 Nf6xe4
5.Qd1e2 Qd8e7
6.d4 Bc8g4
7.Bc1e3 d5
8.Qe2b5 c6
9.Qb5d3 Qe7b4
10.Nb1d2 Bg4xf3
11.gxf3 Ne4xd2
12.Be3xd2 Qb4xb2
13.Bd2c3 Bf8b4
14.Bc3xb4 Qb2xb4
15.Qd3d2 Qb4b2
16.Qd2e3 Kd8
17.Qe3c1 Qb2xd4
18.Bf1d3 Rh8e8
19.Kf1 g6
20.Ra1b1 b6
21.Qc1g5 f6
22.Qg5g3 Nb8d7
23.Kg2 Nd7e5
24.Bd3a6 h5
25.Rh1e1 h4
26.Qg3h3 Kc7
27.f4 Qd4xf4
28.a3 Ne5f7
29.Re1xe8 Ra8xe8
30.Rb1e1 Qf4g5
31.Kf3 Nf7e5
32.Re1xe5 fxe5
33.Ke2 Qg5f6
34.Qh3c3 Re8f8
35.f3 Qf6f4
36.Ba6b5 Qf4xh2
37.Kd1 Rf8f6
38.Bb5e2 c5
39.f4 Qh2xf4
{ resign }
0-1

[Event "Match"]
[Site "www.echecsemail.com"]
[Date "2018.07.17"]
[Round "1"]
[White "Trusivka"]
[Black "Karlgrocer"]
[WhiteElo "1540"]
[BlackElo "1990"]
[Result "0-1"]
[Round "1"]
1.Ng1f3 d5
2.e3 e6
3.d3 Ng8f6
4.c3 Bf8e7
5.Nf3d4 O-O
6.c4 Bc8d7
7.e4 dxe4
8.f3 exf3
9.gxf3 c5
10.Nd4b3 b6
11.Nb1c3 a6
12.Bf1g2 Bd7c6
13.Bc1e3 Nb8d7
14.Nb3d4 cxd4
15.Be3xd4 Be7c5
 { time }
0-1

[Event "Tourn. n9865"]
[Site "www.echecsemail.com"]
[Date "2018.07.17"]
[Round "1"]
[White "Andychesston"]
[Black "Bojan"]
[WhiteElo "2030"]
[BlackElo "2100"]
[Result "1-0"]
[Round "1"]
1.e4 e5
2.Ng1f3 d6
3.d4 exd4
4.Nf3xd4 c6
5.Nb1c3 Bf8e7
6.Bf1c4 Be7f6
7.Bc1e3 Ng8e7
8.Bc4xf7 Kxf7
9.Qd1h5 g6
10.Qh5h6 Qd8a5
11.O-O Nb8d7
12.Ra1d1 Nd7e5
13.Nd4b3 Qa5c7
14.Qh6f4 g5
15.Qf4g3 Ne5c4
16.Be3xg5 Rh8g8
17.f4 Ne7g6
18.e5 Bf6xg5
19.fxg5 Ke8
20.exd6 Qc7b6
21.Kh1 Bc8d7
22.Rd1e1 Kd8
23.Nc3a4 Qb6b5
24.Na4c5 Rg8g7
25.h4 Rg7g8
26.h5 Ng6f8
27.Nc5xd7 Nf8xd7
28.Nb3d4 Qb5xb2
29.Nd4e6 Kc8
30.Rf1f7 Qb2xc2
31.Rf7xd7 Kxd7
32.Qg3g4 Qc2c3
33.Ne6c5 Kxd6
34.Nc5e4 { resign }
1-0

[Event "Tourn. n9861"]
[Site "www.echecsemail.com"]
[Date "2018.07.17"]
[Round "1"]
[White "J1j6"]
[Black "Azulmarino"]
[WhiteElo "1749"]
[BlackElo "1640"]
[Result "1-0"]
[Round "1"]
1.e4 e5
2.Bf1c4 Ng8f6
3.Qd1f3 Bf8c5
4.c3 Nb8c6
5.Ng1e2 d6
6.b4 Bc5b6
7.O-O Bc8g4
8.Qf3g3 Qd8d7
9.h3 Nf6h5
10.Qg3xg4 Qd7xg4
11.hxg4 Nh5f6
12.b5 Nc6a5
13.Bc4d3 Nf6xg4
14.Ne2g3 O-O
15.Bd3e2 Ng4f6
16.d3 a6
17.bxa6 Ra8xa6
18.d4 exd4
19.Be2xa6 bxa6
20.Bc1b2 d3
21.Nb1d2 Nf6g4
22.Ng3f5 Na5c6
23.c4 Nc6e5
24.Ra1d1 Bb6a5
25.Bb2xe5 Ng4xe5
26.f4 Ne5g4
27.Nd2b3 Ba5b6
28.Nb3d4 Bb6xd4
29.Nf5xd4 Ng4e3
30.Rd1xd3 Ne3xc4
31.Nd4f5 Rf8e8
32.Rf1e1 Nc4b2
33.Rd3g3 d5
34.Nf5xg7 Re8b8
35.exd5 Nb2c4
36.Re1e8 Rb8xe8
37.Ng7xe8 Kf8
38.Ne8xc7 Nc4a3
39.Rg3xa3 { resign }
1-0

[Event "Tourn. n9806"]
[Site "www.echecsemail.com"]
[Date "2018.07.17"]
[Round "1"]
[White "Johnmcbride"]
[Black "Juheset"]
[WhiteElo "1970"]
[BlackElo "1809"]
[Result "1-0"]
[Round "1"]
1.d4 f5
2.Nb1d2 Ng8f6
3.f4 b6
4.c4 Bc8b7
5.Ng1f3 Nf6e4
6.d5 e6
7.dxe6 dxe6
8.e3 Bf8c5
9.Qd1c2 Bc5xe3
10.Nd2xe4 Bb7xe4
11.Qc2e2 Be3c5
12.Bc1d2 Nb8c6
13.O-O-O Nc6d4
14.Nf3xd4 Qd8xd4
15.Bd2b4 Qd4e3
16.Bb4d2 Qe3xe2
17.Bf1xe2 Bc5d4
18.Rh1g1 Bd4xg1
19.Rd1xg1 c5
20.g4 g6
21.gxf5 exf5
22.h4 O-O-O
23.b4 cxb4
24.Bd2xb4 a5
25.Bb4d2 Rh8e8
26.a4 Rd8d4
27.Bd2c3 Rd4d6
28.Bc3e5 Rd6d7
29.c5 bxc5
30.Be2a6 Kd8
31.Ba6b5 Rd7b7
{ time. }
1-0

[Event "Match"]
[Site "www.echecsemail.com"]
[Date "2018.07.17"]
[Round "1"]
[White "Fangshuo"]
[Black "J1j6"]
[WhiteElo "2060"]
[BlackElo "1940"]
[Result "1-0"]
[Round "1"]
1.e4 e6
2.d4 d5
3.e5 a6
4.b3 c5
5.c3 cxd4
6.cxd4 Bf8b4
7.Bc1d2 Bb4xd2
8.Qd1xd2 Nb8c6
9.Ng1f3 Ng8e7
10.Bf1d3 b5
11.O-O Qd8b6
12.Bd3c2 Bc8b7
13.Nb1c3 O-O-O
14.a4 b4
15.Nc3e2 a5
16.Nf3g5 Rd8f8
17.Ng5xh7 Rf8g8
18.Ra1c1 f5
19.Nh7g5 Rh8h5
20.Ng5xe6 Rg8h8
21.h3 Nc6a7
22.Bc2xf5 Bb7c6
23.Bf5g4 Rh5h6
24.Ne6xg7 Kb7
25.Rc1c5 Rh8h7
26.Ng7e6 Ne7g6
27.Ne6g5 Rh7e7
28.f4 Ng6h4
29.f5 Re7xe5
30.Ng5f7 Re5xe2
31.Qd2xe2 Rh6h7
32.Nf7d6 Kb8
33.f6 Kc7
34.Nd6e8 Kb7
35.f7 { resign }
1-0

[Event "Match"]
[Site "www.echecsemail.com"]
[Date "2018.07.17"]
[Round "1"]
[White "J1j6"]
[Black "Cal"]
[WhiteElo "1809"]
[BlackElo "1790"]
[Result "0-1"]
[Round "1"]
1.d4 d5
2.Nb1c3 e6
3.Bc1f4 a6
4.e4 h6
5.exd5 Bf8b4
6.dxe6 fxe6
7.Ng1f3 Ng8f6
8.Bf1d3 Nf6d5
9.Bf4d2 Nb8c6
10.Nc3xd5 exd5
11.Bd3g6 Kf8
12.c3 Bb4d6
13.O-O Qd8f6
14.Bg6h5 g6
15.Bh5xg6 Qf6xg6
16.g3 Bc8e6
17.Nf3h4 Qg6f6
18.Qd1h5 Ke7
19.Ra1e1 Rh8g8
20.Bd2xh6 Kd7
21.Bh6d2 Be6h3
22.Qh5h7 Rg8g7
23.Qh7e4 Rg7g4
24.Qe4h7 Bd6e7
25.Nh4f5 Ra8h8
26.Nf5xe7 Rh8xh7
27.Ne7xd5 Qf6f3
28.Nd5f4 Rg4xf4
{ resign }
0-1

[Event "Match"]
[Site "www.echecsemail.com"]
[Date "2018.07.17"]
[Round "1"]
[White "Grischuk2789"]
[Black "Ericleo1980"]
[WhiteElo "1809"]
[BlackElo "2140"]
[Result "1-0"]
[Round "1"]
1.d4 d5
2.c4 c6
3.Nb1c3 Ng8f6
4.Bc1g5 e6
5.e3 Nb8d7
6.Ng1f3 h6
7.Bg5h4 Bf8d6
8.Bf1d3 O-O
9.O-O Rf8e8
10.a3 a5
{ time. }
1-0

[Event "Match"]
[Site "www.echecsemail.com"]
[Date "2018.07.17"]
[Round "1"]
[White "Pwain"]
[Black "Grischuk2789"]
[WhiteElo "2560"]
[BlackElo "1809"]
[Result "1/2-1/2"]
[Round "1"]
1.e4 e5
2.Ng1f3 Nb8c6
3.Bf1c4 Ng8f6
4.d3 d5
5.exd5 Nf6xd5
6.O-O Bf8c5
7.Nb1c3 Nd5xc3
8.bxc3 O-O
9.Rf1e1 Qd8d6
10.a4 Bc8d7
11.a5 a6
{ draw }
1/2-1/2

[Event "Match"]
[Site "www.echecsemail.com"]
[Date "2018.07.17"]
[Round "1"]
[White "Guidom"]
[Black "Grischuk2789"]
[WhiteElo "2170"]
[BlackElo "1809"]
[Result "0-1"]
[Round "1"]
1.e4 e5
2.Ng1f3 Ng8f6
3.Nb1c3 Nb8c6
4.Bf1c4 Bf8b4
5.d3 d6
6.Bc1d2 O-O
7.O-O Nc6a5
8.Bc4b3 Bc8d7
9.h3 h6
10.Qd1e2 b5
11.Nc3d5 Bb4xd2
12.Nd5xf6 Qd8xf6
13.Nf3xd2 Qf6g6
14.Qe2f3 Na5xb3
15.axb3 a5
16.Qf3g3 Qg6xg3
17.fxg3 f6
18.g4 Rf8b8
19.Kf2 Bd7e6
20.Ke3 Kf7
21.Nd2f3 Be6d7
22.g5 hxg5
23.Nf3xg5 Kg8
24.Ng5f3 Kf7
25.c3 a4
26.b4 c6
27.d4 exd4
28.cxd4 Rb8g8
29.e5 Ra8e8
30.Kd3 dxe5
31.Nf3xe5 Ke6
32.Ne5xd7 Kxd7
33.Rf1e1 Kd6
34.Ra1c1 Re8xe1
35.Rc1xe1 Rg8a8
36.Re1a1 Kd5
37.h4 Ra8h8
38.g3 Rh8h6
39.Ra1e1 Rh6g6
40.Re1e3 Rg6g4
41.Re3f3 Rg4xd4
42.Kc3 Rd4c4
43.Kd3 Rc4xb4
44.Kc2 Rb4c4
45.Kd3 Rc4b4
46.Kc2 Rb4b3
47.Rf3f5 Ke6
48.g4 Rb3b4
49.Rf5c5 Kd6
{ resign }
0-1

[Event "Fast Game"]
[Site "www.echecsemail.com"]
[Date "2018.07.17"]
[Round "1"]
[White "Picifarkinca"]
[Black "Coolant"]
[WhiteElo "1830"]
[BlackElo "1990"]
[Result "0-1"]
[Round "1"]
1.d4 Ng8f6
2.c4 e5
3.dxe5 Nf6g4
4.e4 Ng4xe5
5.f4 Ne5c6
6.Ng1f3 Bf8b4
7.Nb1c3 Qd8e7
8.e5 d6
{ resign }
0-1

[Event "Fast Game"]
[Site "www.echecsemail.com"]
[Date "2018.07.17"]
[Round "1"]
[White "Alekpax"]
[Black "Dougbeer"]
[WhiteElo "2099"]
[BlackElo "2110"]
[Result "1-0"]
[Round "1"]
1.e4 d5
2.exd5 Ng8f6
3.Ng1f3 Bc8g4
4.Bf1b5 Nb8d7
5.h3 Bg4h5
6.Nb1c3 a6
7.Bb5e2 Nd7b6
8.d4 Nf6xd5
9.Nc3xd5 Qd8xd5
10.O-O e6
11.Rf1e1 Bf8e7
12.g4 Bh5g6
13.Nf3e5 Qd5d8
14.Be2f3 Ra8b8
15.c4 O-O
16.Bc1f4 Nb6d7
17.Ne5xg6 hxg6
18.Qd1d2 Be7d6
19.Bf4e3 c6
20.Ra1d1 Nd7f6
21.Kg2 Qd8e7
22.Qd2e2 Nf6h7
23.h4 Qe7xh4
24.Re1h1 Qh4e7
25.Rh1h3 f6
26.d5 exd5
27.Qe2d3 Nh7g5
28.Be3xg5 fxg5
29.cxd5 c5
30.Qd3xg6 Qe7f6
31.Qg6h5 Rb8e8
32.Rd1h1 c4
33.a4 b5
34.Qh5h7 Kf7
35.Rh3h6 Qf6e5
36.Rh1h3 Bd6c5
37.Rh6c6 Qe5d4
38.Qh7g6 Kg8
39.Rc6xc5 Qd4xc5
40.Rh3h7 { resign }
1-0

[Event "Tourn. n9791"]
[Site "www.chess-mail.com"]
[Date "2018.07.18"]
[Round "1"]
[White "Falcoale"]
[Black "Osopanda"]
[WhiteElo "1890"]
[BlackElo "1860"]
[Result "1-0"]
[Round "1"]
1.e4 c5
2.Ng1f3 Nb8c6
3.Nb1c3 e6
4.Bf1c4 d6
5.O-O Ng8f6
6.d4 cxd4
7.Nf3xd4 Bf8e7
8.Nd4b3 a6
9.a3 b5
10.Bc4d3 O-O
11.Nc3e2 Bc8b7
12.Bc1d2 Ra8c8
13.Ne2d4 Nc6xd4
14.Nb3xd4 e5
15.Nd4f5 d5
16.Nf5xe7 Qd8xe7
17.Bd2b4 Qe7e6
18.Bb4xf8 Kxf8
19.exd5 Qe6xd5
20.f3 e4
21.fxe4 Nf6xe4
22.Bd3xe4 Qd5xe4
23.Qd1d6 Kg8
24.Rf1f2 g6
25.Qd6d7 Rc8f8
26.Ra1e1 Qe4xe1
27.Rf2f1 Qe1e3
28.Kh1 Qe3e4
29.Qd7d2 f5
30.Rf1e1 Qe4c6
31.Re1g1 Rf8c8
32.c3 Rc8c7
33.Qd2d8 Kg7
34.Qd8d4 Kh6
35.Qd4h4 Kg7
36.Qh4d4 Kf7
37.Qd4h8 Rc7e7
38.Qh8xh7 Ke8
39.Qh7g8 Kd7
40.Rg1d1 { resign }
1-0

[Event "Tourn. n9826"]
[Site "www.echecsemail.com"]
[Date "2018.07.18"]
[Round "1"]
[White "Lucid1963"]
[Black "Paes19"]
[WhiteElo "1969"]
[BlackElo "1929"]
[Result "1-0"]
[Round "1"]
1.e4 e6
2.d4 d5
3.Nb1c3 a6
4.Ng1f3 dxe4
5.Nc3xe4 h6
6.Bf1d3 Nb8c6
7.c3 Ng8f6
8.O-O Bf8d6
9.Ne4xd6 cxd6
10.Rf1e1 O-O
11.a4 Nf6h7
12.b4 Nc6e7
13.Bc1f4 Ne7d5
14.Qd1d2 Qd8f6
15.Bf4g3 Qf6e7
16.c4 Nd5f6
17.d5 e5
18.Nf3h4 Bc8g4
19.Nh4f5 Bg4xf5
20.Bd3xf5 Nf6h5
21.Ra1a3 Qe7f6
22.Qd2d3 g6
23.Bf5e4 Qf6g7
24.Be4f3 f5
25.Bf3xh5 gxh5
26.c5 Qg7f6
27.h4 Ra8e8
28.f3 Rf8f7
29.Ra3c3  { time }
1-0

[Event "Match"]
[Site "www.echecsemail.com"]
[Date "2018.07.18"]
[Round "1"]
[White "Micheles"]
[Black "Ericleo1980"]
[WhiteElo "2570"]
[BlackElo "2160"]
[Result "1-0"]
[Round "1"]
1.d4 Ng8f6
2.Ng1f3 d5
3.Bc1g5 e6
4.Nb1d2 Nb8d7
5.e3 Bf8d6
6.Bf1d3 h6
7.Bg5h4 c6
8.O-O O-O
9.c3 e5
10.e4  { time }
1-0

[Event "Match"]
[Site "www.echecsemail.com"]
[Date "2018.07.18"]
[Round "1"]
[White "J1j6"]
[Black "Fangshuo"]
[WhiteElo "2120"]
[BlackElo "2100"]
[Result "0-1"]
[Round "1"]
1.d4 d5
2.Nb1c3 e6
3.g3 c5
4.e3 a6
5.dxc5 Bf8xc5
6.Bf1d3 Nb8c6
7.Bc1d2 Ng8f6
8.Ng1e2 e5
9.f3 Bc5xe3
10.Bd2xe3 d4
11.Be3f2 dxc3
12.Ne2xc3 O-O
13.Bf2c5 Rf8e8
14.O-O Bc8h3
15.Rf1e1 Nc6d4
16.Nc3e4 b6
17.Bc5xd4 Qd8xd4
18.Kh1 Nf6xe4
19.Bd3xe4 Ra8d8
20.Qd1xd4 Rd8xd4
21.Be4c6 Re8e6
22.Bc6e4 f5
23.Be4d3 b5
24.Ra1d1 Kf7
25.c3 Rd4d7
26.a4 e4
27.fxe4 fxe4
28.Bd3e2 Rd7xd1
29.Be2xd1 Ke7
30.axb5 axb5
31.Bd1c2 e3
32.Bc2xh7 Kd6
33.Bh7d3 Kc5
34.b4 Kd6
35.Bd3xb5 Re6e5
36.Bb5f1 Bh3xf1
37.Re1xf1 e2
38.Rf1e1 Kd5
39.b5 Kc5
40.Kg2 Kxb5
41.Kf3 Re5c5
42.Re1xe2 Rc5xc3
43.Kg2 Rc3c7
44.h4 Kb6
45.Kh3 Kb7
46.Re2e4 Kc8
47.Re4g4 Kd8
48.h5 Ke8
49.Kh4 Kf8
50.Rg4g6 Kf7
51.g4 Rc7e7
52.Rg6g5 Re7e6
53.Rg5f5 Kg8
54.Kg5 Kh7
55.Rf5f7 Kg8
56.Rf7a7 Re6h6
57.Kh4 Rh6f6
58.g5 Rf6f4
59.Kg3 Rf4b4
60.g6 Rb4b3
61.Kf4 Rb3b4
62.Ke5 Rb4b8
63.Ke6 Rb8e8
64.Kd7 Kf8
65.Kd6 Kg8
66.Ra7f7 Re8a8
67.Kc6 Ra8a5
68.Rf7b7 Kf8
69.Rb7b5 Ra5xb5
70.Kxb5 Ke7
71.Kc5 Kf6
72.Kd6 Kg5
73.Ke7 Kxh5
74.Kf7 Kh6
75.Kg8 Kxg6
76.Kh8 Kh6
77.Kg8 g5
78.Kf7 g4
{ resign }
0-1

[Event "Tourn. n9869"]
[Site "www.echecsemail.com"]
[Date "2018.07.18"]
[Round "1"]
[White "Reda"]
[Black "Falcoale"]
[WhiteElo "1760"]
[BlackElo "1870"]
[Result "0-1"]
[Round "1"]
1.d4 Ng8f6
2.Bc1f4 Nf6d5
3.Bf4g3 e6
4.Nb1c3 Nd5xc3
5.bxc3 b6
6.Ng1f3 Bc8b7
7.e3 Bf8e7
8.Bf1d3 O-O
9.O-O c5
10.dxc5 bxc5
11.Ra1b1 d5
12.c4 Bb7c6
13.cxd5 exd5
14.c4 Nb8d7
15.cxd5 Bc6xd5
16.Bd3xh7 Kxh7
17.Qd1xd5 Nd7f6
18.Qd5xd8 Ra8xd8
19.Rb1b7 Be7d6
20.Bg3xd6 Rd8xd6
21.Nf3e5 Nf6e4
22.Ne5xf7 Rd6f6
23.Nf7e5 Ne4d2
24.Rf1d1 Rf6xf2
25.Ne5d3 Rf2f1
26.Rd1xf1 Rf8xf1
{ resign }
0-1

[Event "Match"]
[Site "www.echecsemail.com"]
[Date "2018.07.18"]
[Round "1"]
[White "Gimmyg"]
[Black "Grischuk2789"]
[WhiteElo "2540"]
[BlackElo "1809"]
[Result "1/2-1/2"]
[Round "1"]
1.Ng1f3 g6
2.d4 Bf8g7
3.e4 d6
4.Nb1c3 Ng8f6
5.Bf1e2 O-O
6.O-O c5
7.dxc5 dxc5
8.Be2d3 Nb8c6
9.h3 Qd8c7
10.Bc1e3 b6
11.Qd1e2 e5
12.Be3g5 Nc6d4
13.Qe2d1 Bc8b7
14.Bg5xf6 Bg7xf6
15.Bd3c4 Ra8d8
16.Nc3d5 Bb7xd5
17.Bc4xd5 Nd4e6
18.Qd1d2 Ne6f4
19.c4 h5
{ draw }
1/2-1/2

[Event "Tourn. n9882"]
[Site "www.echecsemail.com"]
[Date "2018.07.18"]
[Round "1"]
[White "Reda"]
[Black "Falcoale"]
[WhiteElo "1760"]
[BlackElo "1870"]
[Result "0-1"]
[Round "1"]
1.d4 Ng8f6
2.Bc1f4 e6
3.Nb1c3 b6
4.Ng1f3 Bc8b7
5.e3 Bf8b4
6.Bf1d3 O-O
7.Qd1d2 Nf6d5
8.a3 Nd5xf4
9.exf4 Bb4e7
10.O-O Bb7xf3
11.gxf3 Be7d6
12.Kg2 Qd8h4
13.Rf1g1 Bd6xf4
14.h3 Bf4xd2
15.Nc3b5 Bd2f4
16.Nb5xc7 Bf4xc7
17.Bd3e4 d5
18.Be4d3 f5
19.Ra1e1 Rf8f6
20.Kf1 Qh4xd4
21.Re1d1 Qd4h4
22.Rg1h1 Nb8d7
{ resign }
0-1